Barron's SAT critical reading workbook / (Record no. 153124)

MARC details
000 -LEADER
fixed length control field 01193nam a2200313 a 4500
001 - CONTROL NUMBER
control field vtls003249550
003 - CONTROL NUMBER IDENTIFIER
control field MY-SjTCS
005 - DATE AND TIME OF LATEST TRANSACTION
control field 20200226115739.0
008 - FIXED-LENGTH DATA ELEMENTS--GENERAL INFORMATION
fixed length control field 121221s2012 nyu 000 0 eng d
020 ## - INTERNATIONAL STANDARD BOOK NUMBER
International Standard Book Number 9781438000275 (pbk.)
020 ## - INTERNATIONAL STANDARD BOOK NUMBER
International Standard Book Number 1438000278 (pbk.)
039 #9 - LEVEL OF BIBLIOGRAPHIC CONTROL AND CODING DETAIL [OBSOLETE]
Level of rules in bibliographic description 201303291433
Level of effort used to assign nonsubject heading access points wilmina
Level of effort used to assign subject headings 201303281006
Level of effort used to assign classification izani
-- 201212211001
-- malathy
082 04 - DEWEY DECIMAL CLASSIFICATION NUMBER
Classification number 428.4076
Item number GRE 2012
100 1# - MAIN ENTRY--PERSONAL NAME
Personal name Green, Sharon,
Dates associated with a name 1939-
9 (RLIN) 29738
245 10 - TITLE STATEMENT
Title Barron's SAT critical reading workbook /
Statement of responsibility, etc. Sharon Weiner Green, Mitchel Weiner.
246 3# - VARYING FORM OF TITLE
Title proper/short title SAT critical reading workbook
246 3# - VARYING FORM OF TITLE
Title proper/short title Critical reading workbook
250 ## - EDITION STATEMENT
Edition statement 14th ed.
260 ## - PUBLICATION, DISTRIBUTION, ETC.
Place of publication, distribution, etc. Hauppauge, N.Y. :
Name of publisher, distributor, etc. Barron's,
Date of publication, distribution, etc. c2012.
300 ## - PHYSICAL DESCRIPTION
Extent vi, 306 p. ;
Dimensions 28 cm.
500 ## - GENERAL NOTE
General note "The leader in test preparation"--Cover.
650 #0 - SUBJECT ADDED ENTRY--TOPICAL TERM
Topical term or geographic name entry element Reading comprehension
General subdivision Examinations
Form subdivision Study guides.
9 (RLIN) 22546
650 #0 - SUBJECT ADDED ENTRY--TOPICAL TERM
Topical term or geographic name entry element Reading comprehension
Form subdivision Problems, exercises, etc.
9 (RLIN) 37452
650 #0 - SUBJECT ADDED ENTRY--TOPICAL TERM
Topical term or geographic name entry element English language
General subdivision Examinations
Form subdivision Study guides.
9 (RLIN) 14760
650 #0 - SUBJECT ADDED ENTRY--TOPICAL TERM
Topical term or geographic name entry element English language
Form subdivision Problems, exercises, etc.
9 (RLIN) 25774
650 #0 - SUBJECT ADDED ENTRY--TOPICAL TERM
Topical term or geographic name entry element SAT (Educational test)
Form subdivision Study guides.
9 (RLIN) 23232
700 1# - ADDED ENTRY--PERSONAL NAME
Personal name Weiner, Mitchel,
Dates associated with a name 1907-
9 (RLIN) 68254
920 ## - Programme
Programme CAL : 194631
Holdings
Withdrawn status Lost status Source of classification or shelving scheme Damaged status Not for loan Home library Current library Date acquired Cost, normal purchase price Total Checkouts Total Renewals Barcode Date last seen Date last checked out Copy number Uniform Resource Identifier Cost, replacement price Koha item type Public note
    Dewey Decimal Classification     Taylor's Library-TC Taylor's Library-TC 19/01/2013 61.50 72 2 5000137597 09/11/2022 27/09/2022 1 Floor 4, Shelf 39 , Side 1, TierNo 3, BayNo 1 61.50 Main Collection CALxx,03000,03,CL